00748nam a2200241Ia 45000010006000000050017000060070003000230080041000260200007000670400025000740410008000990820021001071000028001282450064001562500014002202600042002343000027002766530029003036530014003329420012003469520131003589990017004892049320240114000519.0ta060223s1897 a g b000 u 465 u cPB aCotton College,Assam a465 a821.09bEv 15 En aEvans, Herbert Arthur . 0aEnglish Masques /cHerbert Arthur Evans.hTextual Documents a1st ed. / aLondon :bBlackie & Sons Ltd ,c1897. a245p. :bill ;c18cm . aEnglish Poetry-Criticism aG-English 2ddccBK 001040708Circulation (G)aSKBLbSKBLd2012-02-01f00000l0o821.09 Ev 15 Enp122.11r2024-01-14 00:00:00t1w2012-02-01yBK c20475d20475